<?xml version="1.0" encoding="UTF-8"?>
<record
    xmlns:xsi="http://www.w3.org/2001/XMLSchema-instance"
    xsi:schemaLocation="http://www.loc.gov/MARC21/slim http://www.loc.gov/standards/marcxml/schema/MARC21slim.xsd"
    xmlns="http://www.loc.gov/MARC21/slim">

  <leader>00730nam a22001577a 4500</leader>
  <controlfield tag="003">OSt</controlfield>
  <controlfield tag="005">20151019151801.0</controlfield>
  <controlfield tag="008">151019b        xxu||||| |||| 00| 0 eng d</controlfield>
  <datafield tag="040" ind1=" " ind2=" ">
    <subfield code="c">RUA</subfield>
  </datafield>
  <datafield tag="082" ind1=" " ind2=" ">
    <subfield code="a">AVM MEN 2009 B087 Or.1</subfield>
  </datafield>
  <datafield tag="100" ind1=" " ind2=" ">
    <subfield code="9">2468</subfield>
    <subfield code="a">MEN, SORAKSA.</subfield>
  </datafield>
  <datafield tag="245" ind1=" " ind2=" ">
    <subfield code="a">Artificial insemination on cattle in small holders livestock project production at pursat province, &#x1780;&#x17B6;&#x179A;&#x1794;&#x1784;&#x17D2;&#x1780;&#x17B6;&#x178F;&#x17CB;&#x1796;&#x17BC;&#x1787;&#x1782;&#x17C4;&#x178A;&#x17C4;&#x1799;&#x179F;&#x1794;&#x17D2;&#x1794;&#x1793;&#x17B7;&#x1798;&#x17D2;&#x1798;&#x17B7;&#x178F;&#x1780;&#x17D2;&#x1793;&#x17BB;&#x1784;&#x1782;&#x17C6;&#x179A;&#x17C4;&#x1784;&#x1780;&#x17B6;&#x179A;&#x1785;&#x17B7;&#x1789;&#x17D2;&#x1785;&#x17B9;&#x1798;&#x179F;&#x178F;&#x17D2;&#x178F;&#x1780;&#x1798;&#x17D2;&#x1796;&#x17BB;&#x1787;&#x17B6;-&#x179F;&#x17A0;&#x1782;&#x1798;&#x1793;&#x17CD;&#x17A2;&#x17BA;&#x179A;&#x17C9;&#x17BB;&#x1794; &#x1793;&#x17C5;&#x1781;&#x17C1;&#x178F;&#x17D2;&#x178F;&#x1796;&#x17C4;&#x1792;&#x17B7;&#x17CD;&#x179F;&#x17B6;&#x178F;&#x17CB;</subfield>
  </datafield>
  <datafield tag="260" ind1=" " ind2=" ">
    <subfield code="a">Phnom Penh</subfield>
    <subfield code="b">RUA</subfield>
    <subfield code="c">2009</subfield>
  </datafield>
  <datafield tag="300" ind1=" " ind2=" ">
    <subfield code="a">ix; 39p.</subfield>
    <subfield code="b">ill.</subfield>
    <subfield code="c">29cm.</subfield>
  </datafield>
  <datafield tag="942" ind1=" " ind2=" ">
    <subfield code="2">ddc</subfield>
    <subfield code="c">AVM</subfield>
  </datafield>
  <datafield tag="999" ind1=" " ind2=" ">
    <subfield code="c">2322</subfield>
    <subfield code="d">2322</subfield>
  </datafield>
  <datafield tag="952" ind1=" " ind2=" ">
    <subfield code="0">0</subfield>
    <subfield code="1">0</subfield>
    <subfield code="2">ddc</subfield>
    <subfield code="4">0</subfield>
    <subfield code="6">AVM_MEN_2009_000000000000000_B087_OR_1</subfield>
    <subfield code="7">0</subfield>
    <subfield code="9">10043</subfield>
    <subfield code="a">LBB</subfield>
    <subfield code="b">LBB</subfield>
    <subfield code="c">B087</subfield>
    <subfield code="d">2015-10-19</subfield>
    <subfield code="o">AVM MEN 2009 B087 Or.1</subfield>
    <subfield code="p">RUA020271</subfield>
    <subfield code="r">2015-10-19</subfield>
    <subfield code="w">2015-10-19</subfield>
    <subfield code="y">AVM</subfield>
  </datafield>
  <datafield tag="952" ind1=" " ind2=" ">
    <subfield code="0">0</subfield>
    <subfield code="1">0</subfield>
    <subfield code="2">ddc</subfield>
    <subfield code="4">0</subfield>
    <subfield code="6">AVM_MEN_2009_000000000000000_B087_OR_2</subfield>
    <subfield code="7">0</subfield>
    <subfield code="9">10044</subfield>
    <subfield code="a">LBB</subfield>
    <subfield code="b">LBB</subfield>
    <subfield code="c">B087</subfield>
    <subfield code="d">2015-10-19</subfield>
    <subfield code="o">AVM MEN 2009 B087 Or.2</subfield>
    <subfield code="p">RUA020206</subfield>
    <subfield code="r">2015-10-19</subfield>
    <subfield code="w">2015-10-19</subfield>
    <subfield code="y">AVM</subfield>
  </datafield>
  <datafield tag="952" ind1=" " ind2=" ">
    <subfield code="0">0</subfield>
    <subfield code="1">0</subfield>
    <subfield code="2">ddc</subfield>
    <subfield code="4">0</subfield>
    <subfield code="6">AVM_MEN_2009_000000000000000_B087_OR_3</subfield>
    <subfield code="7">0</subfield>
    <subfield code="9">10045</subfield>
    <subfield code="a">LBB</subfield>
    <subfield code="b">LBB</subfield>
    <subfield code="c">B087</subfield>
    <subfield code="d">2015-10-19</subfield>
    <subfield code="o">AVM MEN 2009 B087 Or.3</subfield>
    <subfield code="p">RUA020208</subfield>
    <subfield code="r">2015-10-19</subfield>
    <subfield code="w">2015-10-19</subfield>
    <subfield code="y">AVM</subfield>
  </datafield>
  <datafield tag="952" ind1=" " ind2=" ">
    <subfield code="0">0</subfield>
    <subfield code="1">0</subfield>
    <subfield code="2">ddc</subfield>
    <subfield code="4">0</subfield>
    <subfield code="6">AVM_MEN_2009_000000000000000_B087_OR_4</subfield>
    <subfield code="7">0</subfield>
    <subfield code="9">10046</subfield>
    <subfield code="a">LBB</subfield>
    <subfield code="b">LBB</subfield>
    <subfield code="c">B087</subfield>
    <subfield code="d">2015-10-19</subfield>
    <subfield code="o">AVM MEN 2009 B087 Or.4</subfield>
    <subfield code="p">RUA020279</subfield>
    <subfield code="r">2015-10-19</subfield>
    <subfield code="w">2015-10-19</subfield>
    <subfield code="y">AVM</subfield>
  </datafield>
  <datafield tag="952" ind1=" " ind2=" ">
    <subfield code="0">0</subfield>
    <subfield code="1">0</subfield>
    <subfield code="2">ddc</subfield>
    <subfield code="4">0</subfield>
    <subfield code="6">AVM_MEN_2009_000000000000000_B087_OR_5</subfield>
    <subfield code="7">0</subfield>
    <subfield code="9">10047</subfield>
    <subfield code="a">LBB</subfield>
    <subfield code="b">LBB</subfield>
    <subfield code="c">B087</subfield>
    <subfield code="d">2015-10-19</subfield>
    <subfield code="o">AVM MEN 2009 B087 Or.5</subfield>
    <subfield code="p">RUA020278</subfield>
    <subfield code="r">2015-10-19</subfield>
    <subfield code="w">2015-10-19</subfield>
    <subfield code="y">AVM</subfield>
  </datafield>
  <datafield tag="952" ind1=" " ind2=" ">
    <subfield code="0">0</subfield>
    <subfield code="1">0</subfield>
    <subfield code="2">ddc</subfield>
    <subfield code="4">0</subfield>
    <subfield code="6">AVM_MEN_2009_000000000000000_B087_OR_6</subfield>
    <subfield code="7">0</subfield>
    <subfield code="9">10048</subfield>
    <subfield code="a">LBB</subfield>
    <subfield code="b">LBB</subfield>
    <subfield code="c">B087</subfield>
    <subfield code="d">2015-10-19</subfield>
    <subfield code="o">AVM MEN 2009 B087 Or.6</subfield>
    <subfield code="p">RUA017454</subfield>
    <subfield code="r">2015-10-19</subfield>
    <subfield code="w">2015-10-19</subfield>
    <subfield code="y">AVM</subfield>
  </datafield>
  <datafield tag="952" ind1=" " ind2=" ">
    <subfield code="0">0</subfield>
    <subfield code="1">0</subfield>
    <subfield code="2">ddc</subfield>
    <subfield code="4">0</subfield>
    <subfield code="6">AVM_MEN_2009_000000000000000_B087_OR_7</subfield>
    <subfield code="7">0</subfield>
    <subfield code="9">10049</subfield>
    <subfield code="a">LBB</subfield>
    <subfield code="b">LBB</subfield>
    <subfield code="c">B087</subfield>
    <subfield code="d">2015-10-19</subfield>
    <subfield code="o">AVM MEN 2009 B087 Or.7</subfield>
    <subfield code="p">RUA006455</subfield>
    <subfield code="r">2015-10-19</subfield>
    <subfield code="w">2015-10-19</subfield>
    <subfield code="y">AVM</subfield>
  </datafield>
  <datafield tag="952" ind1=" " ind2=" ">
    <subfield code="0">0</subfield>
    <subfield code="1">0</subfield>
    <subfield code="2">ddc</subfield>
    <subfield code="4">0</subfield>
    <subfield code="6">AVM_MEN_2009_000000000000000_B087_OR_8</subfield>
    <subfield code="7">0</subfield>
    <subfield code="9">10050</subfield>
    <subfield code="a">LBB</subfield>
    <subfield code="b">LBB</subfield>
    <subfield code="c">B087</subfield>
    <subfield code="d">2015-10-19</subfield>
    <subfield code="o">AVM MEN 2009 B087 Or.8</subfield>
    <subfield code="p">RUA006990</subfield>
    <subfield code="r">2015-10-19</subfield>
    <subfield code="w">2015-10-19</subfield>
    <subfield code="y">AVM</subfield>
  </datafield>
  <datafield tag="952" ind1=" " ind2=" ">
    <subfield code="0">0</subfield>
    <subfield code="1">0</subfield>
    <subfield code="2">ddc</subfield>
    <subfield code="4">0</subfield>
    <subfield code="6">AVM_MEN_2009_000000000000000_B087_OR_9</subfield>
    <subfield code="7">0</subfield>
    <subfield code="9">10051</subfield>
    <subfield code="a">LBB</subfield>
    <subfield code="b">LBB</subfield>
    <subfield code="c">B087</subfield>
    <subfield code="d">2015-10-19</subfield>
    <subfield code="o">AVM MEN 2009 B087 Or.9</subfield>
    <subfield code="p">RUA006553</subfield>
    <subfield code="r">2015-10-19</subfield>
    <subfield code="w">2015-10-19</subfield>
    <subfield code="y">AVM</subfield>
  </datafield>
  <datafield tag="952" ind1=" " ind2=" ">
    <subfield code="0">0</subfield>
    <subfield code="1">0</subfield>
    <subfield code="2">ddc</subfield>
    <subfield code="4">0</subfield>
    <subfield code="6">AVM_MEN_2009_000000000000000_B087_OR_10</subfield>
    <subfield code="7">0</subfield>
    <subfield code="9">10052</subfield>
    <subfield code="a">LBB</subfield>
    <subfield code="b">LBB</subfield>
    <subfield code="c">B087</subfield>
    <subfield code="d">2015-10-19</subfield>
    <subfield code="o">AVM MEN 2009 B087 Or.10</subfield>
    <subfield code="p">RUA006416</subfield>
    <subfield code="r">2015-10-19</subfield>
    <subfield code="w">2015-10-19</subfield>
    <subfield code="y">AVM</subfield>
  </datafield>
</record>
